Finals of Rugby World Cups. - Statistics

General Stats
  • This quiz has been taken 132 times
    112 since last reset
  • The average score is 10 of 10
Answer Stats
Année Vainqueur Score Perdant % Correct
1991 Australia 12-6 England
99%
1999 Australia 35-12 France
99%
2003 England 20-17 Australia
99%
1987 New Zealand 29-9 France
99%
2011 New Zealand 8-7 France
99%
2015 New Zealand 34-17 Australia
99%
1995 South Africa 15-12 New Zealand
98%
2007 South Africa 15-6 England
98%
2019 South Africa 32-12 England
98%
France
97%
No matching quizzes found
Score Distribution
Percent of People with Each Score
Percentile by Number Answered
Your Score History
You have not taken this quiz since the last reset